1722 1415 1825 1478 1134 1088 1670 1491 1985 1323 1108 1137 1720 1708 1162 1475 1396 1631 1400 1884 1628 1144 1797 1654 1236 1841 1454 1726 1341 1076 1680 1389 1443 1297 1128 1378 1154 1054 1158 1732 1686 1740 1550 1313 1899 1395 1943 1656 1804 1228 1134 1688 1128 1239 1452 1681 1543 1277 1886 1984 1981 1363 1163 1309 1972 1898 1143 1395 1329 1559 1604 1919 1661 1239 1787 1332 1603 1691 1714 1732 1538 1792 1216 1954 1820 1326 1753 1571 1441 1962 1033 1996 1989 1401 1687 1386 1762 1906 1364 BCNSPRNW ULIB Ver.6.0+V

เปลี่ยนเป็นภาษาไทย

Change to English
 แสดงรายละเอียดบรรณานุกรม
  กลับหน้าหลัก

Brief Record : Get Marc (ISO 2709) : E-mail record : QR code < ปิดหน้าต่าง
LEADER : 00000nam 2200000uu 4500
001    13399111879
003     ULIB
008    110322s2552||||th 000 0 tha d
020    9786117013249
050  4 PE1131^bป347ฝ 2552
100 0  ประภาส จิระกุล
245 00 ฝึกพูดภาษาอังกฤษแบบออโตเมติก/^cประภาส จิระกุล
250    พิมพ์ครั้งที่ 1
260    กรุงเทพฯ:^bDดี,^c2552
300    224 หน้า :^bภาพประกอบ
650  7 English language ^x Speaking
650  7 ภาษาอังกฤษ^xการพูด
650  7 ภาษาอังกฤษ^xบทสนทนา
945    ^p185^l0^i027264
945    ^p185^l0^i027265
995    ทศพร
999 ^a ใช้งานได้ทุกระบบ
รายการนี้ยังไม่มีแท็ก
คุณยังไม่ได้ล็อกอิน คุณสามารถมีกิจกรรมร่วมกับเว็บไซต์ได้ แต่ต้องล็อกอินก่อน ::
  ล็อกอิน

รายการสื่อสารสนเทศ

ลำดับที่ ประเภท เลขเรียก/บาร์โค้ด สถานที่ สถานะ
- ไม่พบข้อมูล -

BibComment


ยังไม่เคยถูกคอมเมนท์

คอมเมนท์ทรัพยากรรายการนี้
  คอมเมนท์: ฝึกพูดภาษาอังกฤษแ..


 Copyright 2026. Bcnsprnw @Library